000 00310nam a22001337a 4500
008 181009b xxu||||| |||| 00| 0 eng d
020 _a0205112617
041 _aeng
080 _a159.9
100 _a49
101 _aPSI
245 _aFoundations of Physiological Psychology
_cCarlson, N.R
942 _2udc
_cBK
999 _c49104
_d49104